00422nam a2200157Ia 4500001000500000005001700005008004100022041000800063082001900071100003400090245008700124260000900211300002800220650000800248654000800256233520260306144759.0260306t2019||||xx |||||||||||||| ||spa|| aESP a616.85836bL86 aLópez, María CeciliaeAUT 0aTerapia del juego con muñecos en el abuso sexual:bestrategias de intervención c2019 a287 páginas :c22 cm. aGEN aCPS